Malaysia Conventions & exhibitions 2001/ 2002 : a biannual compilation of conventions & exhibitions as of 15 August 2001.

Bibliographic Details
Corporate Author: Malaysia External Trade Development Corporation (MATRADE)
Format: Book
Published: Kuala Lumpur: MATRADE, 2001.
Subjects:
LEADER 00685cam a2200169 7i4500
001 0000010200
005 20011017090000.0
022 0 0 |a 15113892 
090 0 0 |a M 381.1025   |b MAL MAT 381.1025 MAL 
110 2 0 |a Malaysia External Trade Development Corporation (MATRADE) 
245 2 0 |a Malaysia Conventions & exhibitions 2001/ 2002 :   |b a biannual compilation of conventions & exhibitions as of 15 August 2001. 
260 0 0 |a Kuala Lumpur:   |b MATRADE,   |c 2001. 
300 # # |a 47 p. 
650 0 0 |a Exhibitions --   |x Directories --   |z Malaysia  
650 0 0 |a Conventions --   |x Directories --   |z Malaysia  
651 0 0 |a Malaysia  
999 |a 0000012742  |b Directories  |c MATRADEs Collection  |e Business Information Centre